[Event "Portoroz op 12th"]
[Site "Portoroz"]
[Date "2018.07.16"]
[Round "4"]
[White "Adeimi, Michel"]
[Black "Narland, Tallak"]
[Result "0-1"]
[WhiteElo "2032"]
[BlackElo "2147"]
[PlyCount "74"]
[EventDate "2018.07.14"]
[EventType "swiss"]
[EventRounds "9"]
[EventCountry "SVK"]
[SourceTitle "EXT 2019"]
[Source "ChessBase"]
[SourceDate "2018.10.10"]
[SourceVersion "1"]
[SourceVersionDate "2018.10.10"]
[SourceQuality "1"]

1. e4 e6 2. Nf3 d5 3. Nc3 Nf6 4. e5 Nfd7 5. d4 c5 6. Bg5 Qb6 7. dxc5 Nxc5 8. a3 a6 9. Be3 Qc7 10. Qd4 Nc6 11. Qf4 f6 12. exf6 Qxf4 13. Bxf4 gxf6 14. b4 Nd7 15. 0-0-0 Kf7 16. Kb2 Nde5 17. Bxe5 Nxe5 18. Nxe5+ fxe5 19. Na4 b5 20. Nb6 Rb8 21. Nxc8 Rxc8 22. h4 e4 23. Rh3 Bg7+ 24. Kb3 Rc7 25. c3 Rhc8 26. Rc1 d4 27. a4 d3 28. axb5 axb5 29. f4 Rxc3+ 30. Rxc3 Rxc3+ 31. Ka2 Bd4 32. g4 e3 33. Bxd3 Rxd3 34. f5 Rd2+ 35. Kb3 e2 36. g5 e1Q 37. g6+ Kf6 0-1

[Event "Portoroz op 12th"]
[Site "Portoroz"]
[Date "2018.07.15"]
[Round "2"]
[White "Siraj, Anej"]
[Black "Narland, Tallak"]
[Result "1-0"]
[WhiteElo "1958"]
[BlackElo "2147"]
[PlyCount "79"]
[EventDate "2018.07.14"]
[EventType "swiss"]
[EventRounds "9"]
[EventCountry "SVK"]
[SourceTitle "EXT 2019"]
[Source "ChessBase"]
[SourceDate "2018.10.10"]
[SourceVersion "1"]
[SourceVersionDate "2018.10.10"]
[SourceQuality "1"]

1. d4 c5 2. d5 Nf6 3. Nf3 e6 4. Nc3 exd5 5. Nxd5 Nxd5 6. Qxd5 Be7 7. Bf4 Nc6 8. 0-0-0 0-0 9. e4 Qa5 10. a3 b5 11. Ne5 c4 12. Bxc4 Nxe5 13. Bxe5 Ba6 14. Bb3 d6 15. Bxd6 Rad8 16. e5 Qb6 17. Qd4 Qc6 18. Bd5 Qd7 19. Qb4 Bxd6 20. exd6 Kh8 21. Bf3 Bb7 22. Bxb7 Qxb7 23. f3 Qb6 24. d7 h6 25. Rhe1 Qc6 26. Qd6 Qa8 27. Re7 a5 28. Rde1 b4 29. a4 Kh7 30. Qd3+ g6 31. Qc4 Kg7 32. Qd4+ Kh7 33. Qc4 Kg7 34. Qb5 Qa7 35. Qe5+ Kg8 36. Qd6 Kg7 37. f4 Qf2 38. Qe5+ Kg8 39. Re8 Qb6 40. Qe7 1-0